Bridges and Tunnels of New York City - Statistics

General Stats
  • This quiz has been taken 428 times
  • The average score is 13 of 28
Answer Stats
Hint Answer % Correct
Brooklyn - Manhattan Brooklyn Bridge
97%
Brooklyn - Manhattan Manhattan Bridge
85%
Manhattan - New Jersey Lincoln Tunnel
83%
Manhattan - New Jersey George Washington Bridge
78%
Brooklyn - Staten Island Verrazano Narrows Bridge
73%
Manhattan - New Jersey Holland Tunnel
71%
Manhattan - Queens Queensboro Bridge
70%
Bronx - Manhattan - Queens Robert F. Kennedy Bridge
69%
Brooklyn - Manhattan Williamsburg Bridge
61%
Bronx - Queens Bronx Whitestone Bridge
52%
Bronx - Queens Throgs Neck Bridge
52%
Manhattan - Queens Queens Midtown Tunnel
48%
Brooklyn - Manhattan Hugh L. Carey Tunnel
42%
New Jersey - Staten Island Bayonne Bridge
38%
New Jersey - Staten Island Goethals Bridge
38%
Bronx - Manhattan Washington Bridge
38%
New Jersey - Staten Island Outerbridge Crossing
36%
Bronx - Manhattan Henry Hudson Bridge
35%
Bronx - Manhattan Third Avenue Bridge
28%
Bronx - Manhattan Willis Avenue Bridge
24%
Bronx - Manhattan Alexander Hamilton Bridge
22%
Bronx - Manhattan Macombs Dam Bridge
21%
Bronx - Manhattan Madison Avenue Bridge
21%
Bronx - Manhattan Broadway Bridge
19%
Bronx - Manhattan 145th Street Bridge
17%
Bronx - Manhattan University Heights Bridge
15%
Nassau County - Queens Atlantic Beach Bridge
12%
Brooklyn - Queens Marine Parkway Bridge
10%
No matching quizzes found
Score Distribution
Percent of People with Each Score
Percentile by Number Answered
Your Score History
You have not taken this quiz